| 000 | 00470nam a2200205Ia 4500 | ||
|---|---|---|---|
| 001 | 14393 | ||
| 003 | GE_BSU | ||
| 008 | 181216s||||||||xx |||||||||||||| ||und|| | ||
| 020 | _a9780749926427 | ||
| 040 | _cGE_BSU | ||
| 080 | _a615.3 | ||
| 100 | _aMcDonald Joice,Fiona | ||
| 245 | 4 | _aThe Holford Low-Gl Diet Cookbook | |
| 260 | _aLondon | ||
| 260 | _bHachette | ||
| 260 | _c2005 | ||
| 300 | _a191p.24cm. | ||
| 653 | _aThe Holford Low-Gl Diet Cookbook | ||
| 942 | _cBK | ||
| 999 |
_c47529 _d47529 |
||